000 00721 a2200217 4500
003 OSt
005 20230427111904.0
008 220905b2020 ii ad||f |||| 001 0 eng d
020 _a9789813298552
040 _cCHAP
082 0 0 _a630.577273
_bG56
_222
245 0 0 _aGlobal climate change:
_b resilient and smart agriculture /
_ceditado por Ram Prasad, Shachi Shah y V. Venkatramanan
264 1 _aIndia:
_bSpringer,
_c2020.
300 _ailustraciones, gráficas, mapas
650 4 _917792
_aCambios climáticos
650 4 _92011
_aAgricultura sustentable
700 1 _9186501
_aPrasad, Ram
_eEditor.
700 1 _9186809
_aShah, Shachi
_eEditor.
700 1 _9186810
_aVenkatramanan, V.
_eEditor.
942 _2ddc
_cLIBRO
999 _c217641
_d217641